Nonparametric statistics with applications to science and engineering

This book presents a practical approach to nonparametric statistical analysis and provides comprehensive coverage of both established and newly developed methods. With the use of MATLAB, the authors present information on theorems and rank tests in an applied fashion, with an emphasis on modern meth...

Descrición completa

Gardado en:
Detalles Bibliográficos
Autor Principal: Kvam, Paul H.
Formato: Libro
Idioma:Undetermined
Publicado: Hoboken, N.J. Wiley-Interscience 2007
Những chủ đề:
Các nhãn: Engadir etiqueta
Sen Etiquetas, Sexa o primeiro en etiquetar este rexistro!
Thư viện lưu trữ: Trung tâm Học liệu Trường Đại học Cần Thơ
LEADER 01046nam a2200193Ia 4500
001 CTU_153389
008 210402s9999 xx 000 0 und d
082 |a 519.5 
082 |b K97 
100 |a Kvam, Paul H. 
245 0 |a Nonparametric statistics with applications to science and engineering 
245 0 |c Paul H. Kvam, Brani Vidakovic 
260 |a Hoboken, N.J. 
260 |b Wiley-Interscience 
260 |c 2007 
520 |a This book presents a practical approach to nonparametric statistical analysis and provides comprehensive coverage of both established and newly developed methods. With the use of MATLAB, the authors present information on theorems and rank tests in an applied fashion, with an emphasis on modern methods in regression and curve fitting, bootstrap confidence intervals, splines, wavelets, empirical likelihood, and goodness-of-fit testing 
650 |a Nonparametric statistics,Science,Engineering 
650 |x Statistical methods,Statistical methods 
980 |a Trung tâm Học liệu Trường Đại học Cần Thơ